000
00171 a2200097 4500
020
_a
9968123579
041
_a
spa
100
_a
Mecd
245
_a
Matematica 6
942
_c
BK
999
_c
15686
_d
15686